31 ways to change the world (Record no. 9813)
[ view plain ]
| 000 -LEADER | |
|---|---|
| fixed length control field | 00577 a2200145 4500 |
| 020 ## - INTERNATIONAL STANDARD BOOK NUMBER | |
| International Standard Book Number | 9780763645069 (pbk.) |
| 005 - DATE AND TIME OF LATEST TRANSACTION | |
| control field | 20191017173118.0 |
| 084 ## - OTHER CLASSIFICATION NUMBER | |
| Classification number | HM831 .T14 2010 |
| 245 ## - TITLE STATEMENT | |
| Title | 31 ways to change the world |
| Remainder of title | : we are what we do |
| Medium | |
| 250 ## - EDITION STATEMENT | |
| Edition statement | 1st U.S. ed.. |
| 260 ## - PUBLICATION, DISTRIBUTION, ETC. | |
| Place of publication, distribution, etc. | mau |
| Name of publisher, distributor, etc. | Candlewick Press |
| Date of publication, distribution, etc. | 2010 |
| 300 ## - PHYSICAL DESCRIPTION | |
| Extent | 67 p. : ill. (chiefly col.) |
| Other physical details | 23 cm. |
| Dimensions | 67 p. : ill. (chiefly col.) ; 23 cm. |
| 500 ## - GENERAL NOTE | |
| General note | produced by Nick Stanhope ; art direction and design by New Future Graphic ; writtten by Tanis Taylor and 4,386 children (more or less). |
| 650 ## - SUBJECT ADDED ENTRY--TOPICAL TERM | |
| Topical term or geographic name entry element | literature |
| 700 ## - ADDED ENTRY--PERSONAL NAME | |
| Personal name | Taylor, Tanis. |
No items available.